UK Number One Artists of 2015 - Statistics

General Stats
  • This quiz has been taken 43 times
  • The average score is 14 of 24
Answer Stats
Song Artist(s) % Correct
Hello Adele
95%
Uptown Funk Mark Ronson/Bruno Mars
95%
What Do You Mean Justin Bieber
86%
Sorry Justin Bieber
86%
Love Yourself Justin Bieber
86%
Cheerleader OMI
76%
Love Me Like You Do Ellie Goulding
70%
Black Magic Little Mix
70%
Drag Me Down One Direction
68%
Writing's On The Wall Sam Smith
68%
Lay Me Down Sam Smith/John Legend
68%
Marvin Gaye Charlie Puth/Meghan Trainor
59%
See You Again Charlie Puth/Wiz Khalifa
59%
Hold My Hand Jess Glynne
57%
Don't Be So Hard On Yourself Jess Glynne
57%
Not Letting Go Jess Glynne/Tinie Tempah
57%
King Years and Years
51%
Want to Want Me Jason Derulo
46%
Fight Song Rachel Platten
43%
Easy Love Sigala
32%
Turn The Music Louder(Rumble) KDA/Katy B/Tinie Tempah
30%
House Every Weekend David Zowie
22%
Are You With Me Lost Frequencies
22%
A Bridge over You NHS Choir
19%
No matching quizzes found
Score Distribution
Percent of People with Each Score
Percentile by Number Answered
Your Score History
You have not taken this quiz